[Event "Junior Online 4NCL Division 5"]
[Site "online"]
[Date "2020.04.23"]
[Round "2.135"]
[White "Wang, Nathaniel"]
[Black "Lyons, Joseph"]
[Result "0-1"]
[WhiteElo "1202"]
[BlackElo "1277"]
[PlyCount "82"]
[EventDate "2020.04.23"]
[WhiteTeam "Robin Hoods 5"]
[BlackTeam "May the Fork Be With You 2"]

1. e4 e5 2. Nf3 Nc6 3. d4 exd4 4. Bc4 Qf6 5. Bg5 Qg6 6. Nbd2 Nf6 7. Qe2 Be7 8.
O-O O-O 9. Rfe1 d6 10. Rad1 h6 11. Bh4 Bh3 12. g3 Bg4 13. Bxf6 Bxf6 14. Bb5 Ne5
15. Qd3 Bg5 16. Rc1 Bxd2 17. Qxd2 Nxf3+ 18. Kg2 Nxd2 19. Rcd1 Bf3+ 20. Kg1 Bxd1
21. Rxd1 Nf3+ 22. Kf1 Qxe4 23. c3 Nxh2+ 24. Kg1 Ng4 25. Rf1 Ne3 26. fxe3 Qxe3+
27. Rf2 Qxg3+ 28. Rg2 Qe1+ 29. Kh2 dxc3 30. bxc3 Qe5+ 31. Rg3 Qxb5 32. Rg4 Qh5+
33. Kg3 f5 34. Rh4 f4+ 35. Kh3 Qf3+ 36. Kh2 Qg3+ 37. Kh1 Qxh4+ 38. Kg1 Qg3+ 39.
Kf1 f3 40. a3 Qg2+ 41. Ke1 Qe2# 0-1

[Event "Junior Online 4NCL Division 5"]
[Site "online"]
[Date "2020.04.23"]
[Round "2.136"]
[White "Joshi, Aarav"]
[Black "Keenan, Isaac"]
[Result "1-0"]
[WhiteElo "1150"]
[BlackElo "1180"]
[PlyCount "63"]
[EventDate "2020.04.23"]
[WhiteTeam "May the Fork Be With You 2"]
[BlackTeam "Robin Hoods 5"]

1. e4 e5 2. Nf3 Nc6 3. Bc4 Bc5 4. c3 d6 5. d4 exd4 6. cxd4 Bb4+ 7. Nc3 Qe7 8.
O-O Bxc3 9. bxc3 Qf6 10. Bg5 Qg6 11. Qb3 Be6 12. d5 Bg4 13. h4 Bxf3 14. gxf3
Ne5 15. Kh1 Nxf3 16. Be3 Nxh4 17. Rg1 Qxe4+ 18. Kh2 Qe5+ 19. Kh1 Nf3 20. Rg3
Qh5+ 21. Kg2 Nh2 22. Bb5+ c6 23. dxc6 bxc6 24. Bxc6+ Kf8 25. Bxa8 Nf6 26. Qb8+
Ne8 27. Rh1 Qe5 28. Rxh2 h5 29. Bd4 Qe1 30. Bxg7+ Kg8 31. Bxh8+ Kxh8 32. Rxh5#
1-0

[Event "Junior Online 4NCL Division 5"]
[Site "online"]
[Date "2020.04.23"]
[Round "2.137"]
[White "Babu, Guhan"]
[Black "Datta, Ishan"]
[Result "1-0"]
[WhiteElo "1105"]
[BlackElo "1195"]
[PlyCount "109"]
[EventDate "2020.04.23"]
[WhiteTeam "Robin Hoods 5"]
[BlackTeam "May the Fork Be With You 2"]

1. e4 c6 2. d4 d5 3. exd5 cxd5 4. Nc3 Nf6 5. Nf3 Nc6 6. Bb5 Bg4 7. Bf4 Qd7 8.
O-O a6 9. Bxc6 bxc6 10. h3 Bh5 11. Qd3 Bxf3 12. Qxf3 e6 13. Na4 Be7 14. Nb6 Qb7
15. Nxa8 Qxa8 16. c3 Qb8 17. b4 Bd6 18. Bxd6 Qxd6 19. a4 Ne4 20. Qd3 O-O 21. f3
Ng3 22. Rf2 Nf5 23. f4 Qe7 24. Qxa6 Qf6 25. Qxc6 Qh4 26. a5 Ne7 27. Qb7 h6 28.
a6 Nf5 29. a7 Nd6 30. Qc6 Qd8 31. a8=Q Qxa8 32. Rxa8 Rxa8 33. Qxa8+ Kh7 34. b5
Ne4 35. Ra2 Nxc3 36. Ra5 Ne2+ 37. Kh1 Nxd4 38. b6 Ne2 39. b7 Ng3+ 40. Kh2 Nf1+
41. Kg1 Ng3 42. b8=Q Ne2+ 43. Kf2 Nxf4 44. Qh8+ Kg6 45. Qb7 d4 46. Qb1+ d3 47.
Ra7 Kf6 48. Qd8+ Kg6 49. Qh4 Kf5 50. Rxf7+ Kg6 51. Rxf4 Kh7 52. Qxd3+ Kg8 53.
Qdd8+ Kh7 54. Qd3+ Kg8 55. Qhd8# 1-0

[Event "Junior Online 4NCL Division 5"]
[Site "online"]
[Date "2020.04.23"]
[Round "2.138"]
[White "Barbier-Ramaiah, Rohan Theo"]
[Black "Ying, Alexander"]
[Result "1-0"]
[WhiteElo "1052"]
[BlackElo "1097"]
[PlyCount "83"]
[EventDate "2020.04.23"]
[WhiteTeam "May the Fork Be With You 2"]
[BlackTeam "Robin Hoods 5"]

1. d4 Nf6 2. c4 e6 3. Nc3 Bb4 4. Bd2 Nc6 5. Nf3 d5 6. Bg5 h6 7. Bxf6 Qxf6 8.
Qd3 Bxc3+ 9. Qxc3 O-O 10. e3 Bd7 11. Be2 Rad8 12. O-O Qg6 13. Ne5 Nxe5 14. dxe5
f6 15. Bd3 f5 16. cxd5 Qg5 17. dxe6 Bxe6 18. Bc4 Bxc4 19. Qxc4+ Rf7 20. f4 Qe7
21. Rfd1 Rxd1+ 22. Rxd1 a6 23. b4 b5 24. Qc6 Qxb4 25. Qe8+ Rf8 26. Qe6+ Rf7 27.
Rd8+ Kh7 28. h3 Rf8 29. Rxf8 Qxf8 30. Qxa6 Qc5 31. Qc8 Qc1+ 32. Kh2 c5 33.
Qxf5+ Kg8 34. e6 Qxe3 35. Kh1 Qe1+ 36. Kh2 Qe3 37. Qg4 c4 38. Qf5 c3 39. Qf7+
Kh7 40. e7 c2 41. e8=Q c1=Q 42. Qg6# 1-0

[Event "Junior Online 4NCL Division 5"]
[Site "online"]
[Date "2020.04.23"]
[Round "2.141"]
[White "Rajesh, Shradha"]
[Black "Goldsmith, Henry"]
[Result "0-1"]
[WhiteElo "1240"]
[BlackElo "778"]
[PlyCount "60"]
[EventDate "2020.04.23"]
[WhiteTeam "Harrow Juniors E"]
[BlackTeam "Rhydypenau Raiders"]

1. c4 e5 2. e3 d6 3. Nc3 Nf6 4. d4 exd4 5. exd4 Nc6 6. d5 Nb4 7. Qa4+ Bd7 8.
Qxb4 c5 9. Qb3 Qe7+ 10. Be2 Ne4 11. Nxe4 Qxe4 12. Qd3 Qxg2 13. Bf3 Qg6 14. Qxg6
hxg6 15. b3 Be7 16. Ne2 O-O 17. h4 Bf5 18. Bb2 Rad8 19. O-O Bh3 20. Rfe1 Bxh4
21. Nf4 Bf5 22. Kg2 Bg5 23. Nh3 Bf6 24. Rh1 Bxb2 25. Rae1 Bf6 26. Rh2 Be5 27.
Rhh1 Rfe8 28. Ng5 a5 29. Rh7 Bf4 30. Rxe8+ Rxe8 0-1

[Event "Junior Online 4NCL Division 5"]
[Site "online"]
[Date "2020.04.23"]
[Round "2.142"]
[White "Morgan, Emyr"]
[Black "Cann, Arthur"]
[Result "0-1"]
[WhiteElo "757"]
[BlackElo "1240"]
[PlyCount "44"]
[EventDate "2020.04.23"]
[WhiteTeam "Rhydypenau Raiders"]
[BlackTeam "Harrow Juniors E"]

1. e4 e5 2. Nf3 Nf6 3. Nc3 Bc5 4. Bc4 Ng4 5. O-O Bd4 6. Nb5 O-O 7. c3 Nxf2 8.
Rxf2 Bxf2+ 9. Kxf2 c6 10. Na3 d5 11. Bd3 dxe4 12. Bxe4 f5 13. Bd3 e4 14. Bc4+
Kh8 15. Ne5 Qh4+ 16. g3 Qxh2+ 17. Ke1 Qxg3+ 18. Kf1 Qxe5 19. d3 Qh2 20. Qf3
exf3 21. Be3 Qg2+ 22. Ke1 Qe2# 0-1

[Event "Junior Online 4NCL Division 5"]
[Site "online"]
[Date "2020.04.23"]
[Round "2.144"]
[White "Greenman, Max"]
[Black "Evans, Joseph"]
[Result "1-0"]
[WhiteElo "561"]
[BlackElo "1007"]
[PlyCount "111"]
[EventDate "2020.04.23"]
[WhiteTeam "Rhydypenau Raiders"]
[BlackTeam "Harrow Juniors E"]

1. e4 c5 2. c3 Nc6 3. Nf3 g6 4. d4 cxd4 5. cxd4 Bg7 6. Be3 e6 7. Nc3 Nge7 8.
Bc4 O-O 9. O-O e5 10. d5 Na5 11. Be2 d6 12. b4 Qc7 13. Rc1 Nc4 14. Qd3 Nxe3 15.
Qxe3 Qb6 16. Qg5 Re8 17. a3 f6 18. Qg3 f5 19. Na4 Qd8 20. Bd3 Bh6 21. Rcd1 f4
22. Qh4 Bg7 23. Rfe1 Bd7 24. Nb2 Rc8 25. Ng5 h6 26. Nf3 Rc3 27. Ra1 Rb3 28.
Reb1 g5 29. Qh5 Qc7 30. Rc1 Qxc1+ 31. Rxc1 Rxb2 32. Rf1 Rb3 33. Ra1 Rxd3 34.
Ne1 Rb3 35. Qd1 Rc3 36. a4 Rc4 37. Rb1 Rb8 38. Nf3 Bg4 39. h3 Bxf3 40. Qxf3 a5
41. Qe2 Rcc8 42. bxa5 Ra8 43. Qb5 h5 44. Qxb7 Rcb8 45. Qxb8+ Rxb8 46. Rxb8+ Bf8
47. a6 g4 48. a7 gxh3 49. gxh3 Kh7 50. a8=Q Bh6 51. Rh8+ Kg7 52. Qf8+ Kg6 53.
Qxe7 Bg7 54. Qxd6+ Bf6 55. Rg8+ Kf7 56. Qf8# 1-0

[Event "Junior Online 4NCL Division 5"]
[Site "online"]
[Date "2020.04.23"]
[Round "2.145"]
[White "Goldsmith, Henry"]
[Black "Rajesh, Shradha"]
[Result "0-1"]
[WhiteElo "778"]
[BlackElo "1240"]
[PlyCount "84"]
[EventDate "2020.04.23"]
[WhiteTeam "Rhydypenau Raiders"]
[BlackTeam "Harrow Juniors E"]

1. e4 c5 2. Nc3 Nc6 3. Nf3 e6 4. Bc4 h6 5. d3 d6 6. Bf4 Nf6 7. O-O Be7 8. Qe2
O-O 9. Rad1 Bd7 10. Rfe1 a6 11. d4 cxd4 12. Nxd4 Nxd4 13. Rxd4 e5 14. Bxe5 dxe5
15. Rdd1 Qc7 16. Nd5 Nxd5 17. Bxd5 Rac8 18. Rc1 b5 19. Qe3 Rfd8 20. c4 bxc4 21.
Qe2 Bc6 22. Bxc6 Qxc6 23. b3 Qg6 24. bxc4 Bb4 25. Red1 Rxd1+ 26. Rxd1 Qc6 27.
Rc1 Ba3 28. Rc2 Bc5 29. g3 Ba7 30. a3 a5 31. h4 a4 32. g4 Kh7 33. Kg2 Qf6 34.
Kg3 Qf4+ 35. Kh3 g6 36. f3 Kg7 37. h5 gxh5 38. gxh5 Kh7 39. Kg2 Rg8+ 40. Kf1
Rg3 41. Rc3 Bd4 42. Rd3 Rg1# 0-1

[Event "Junior Online 4NCL Division 5"]
[Site "online"]
[Date "2020.04.23"]
[Round "2.146"]
[White "Cann, Arthur"]
[Black "Morgan, Emyr"]
[Result "0-1"]
[WhiteElo "1240"]
[BlackElo "757"]
[PlyCount "30"]
[EventDate "2020.04.23"]
[WhiteTeam "Harrow Juniors E"]
[BlackTeam "Rhydypenau Raiders"]

1. e4 e5 2. Nf3 Nc6 3. Nc3 Nf6 4. d4 exd4 5. Nxd4 Nxd4 6. Qxd4 c5 7. Qe5+ Be7
8. Qg5 Nxe4 9. Qxg7 Bf6 10. Qg4 Nxc3 11. bxc3 Qa5 12. Bd2 Bxc3 13. Qe2+ Kd8 14.
O-O-O Qa3+ 15. Kb1 Qb2# 0-1

[Event "Junior Online 4NCL Division 5"]
[Site "online"]
[Date "2020.04.23"]
[Round "2.147"]
[White "Kong, Emma"]
[Black "Pipalia, Rishi"]
[Result "1/2-1/2"]
[WhiteElo "599"]
[BlackElo "1105"]
[PlyCount "26"]
[EventDate "2020.04.23"]
[WhiteTeam "Rhydypenau Raiders"]
[BlackTeam "Harrow Juniors E"]

1. e4 e5 2. Nf3 Nc6 3. Bc4 Bc5 4. O-O d6 5. Nc3 Bg4 6. h3 Bd7 7. d3 Nf6 8. Bg5
h6 9. Bd2 Nd4 10. Re1 Nxf3+ 11. Qxf3 O-O 12. Be3 Bb6 13. Bxb6 axb6 1/2-1/2

[Event "Junior Online 4NCL Division 5"]
[Site "online"]
[Date "2020.04.23"]
[Round "2.148"]
[White "Evans, Joseph"]
[Black "Greenman, Max"]
[Result "0-1"]
[WhiteElo "1007"]
[BlackElo "561"]
[PlyCount "48"]
[EventDate "2020.04.23"]
[WhiteTeam "Harrow Juniors E"]
[BlackTeam "Rhydypenau Raiders"]

1. c4 e5 2. g3 Nf6 3. Bg2 Bc5 4. e3 O-O 5. Ne2 Nc6 6. Nbc3 d6 7. O-O Bd7 8. Ne4
Nxe4 9. Bxe4 Qe7 10. Bb1 Rfe8 11. Qa4 Nb4 12. a3 Bxa4 13. axb4 Bxb4 14. Rxa4
Bc5 15. Be4 Rab8 16. b4 Bb6 17. Ba3 c5 18. bxc5 dxc5 19. d4 exd4 20. exd4 Qxe4
21. dxc5 Qxe2 22. cxb6 axb6 23. Bb4 Qxc4 24. Rfa1 b5 0-1

[Event "Junior Online 4NCL Division 5"]
[Site "online"]
[Date "2020.04.23"]
[Round "2.151"]
[White "Demyan, Leo"]
[Black "Lang, Fred"]
[Result "0-1"]
[WhiteElo "1157"]
[BlackElo "1307"]
[PlyCount "102"]
[EventDate "2020.04.23"]
[WhiteTeam "Watford 4"]
[BlackTeam "Liverpool 2"]

1. e4 e5 2. Nf3 Nc6 3. Nc3 Nf6 4. d4 exd4 5. Nxd4 Nxd4 6. Qxd4 d6 7. Bg5 Be7 8.
Bd3 h6 9. Bxf6 Bxf6 10. Qe3 O-O 11. O-O Re8 12. Rfe1 c6 13. f3 d5 14. Rad1 d4
15. Qd2 dxc3 16. bxc3 Qa5 17. Qc1 Bxc3 18. Re3 Be6 19. Be2 Bxa2 20. Rdd3 Bf6
21. Ra3 Qe5 22. Rxa2 Bg5 23. Raa3 Bxe3+ 24. Rxe3 f5 25. Bd3 fxe4 26. fxe4 Qc5
27. Kf2 Rad8 28. Qd2 b5 29. Qa5 Qb6 30. Qxb6 axb6 31. c4 bxc4 32. Bxc4+ Kh7 33.
Bd3 g6 34. e5 Re7 35. Ke2 Rde8 36. Kd2 Rxe5 37. Rg3 Rg5 38. Rf3 Rxg2+ 39. Kc3
h5 40. Rf7+ Kh6 41. Rc7 c5 42. Rc6 Rb8 43. Bb5 Rxh2 44. Kd3 h4 45. Ke3 Rb2 46.
Bd3 Rg2 47. Bb5 Kh5 48. Kf3 Rg5 49. Be2 Re5 50. Bd1 Rd5 51. Ke4+ Rxd1 0-1

[Event "Junior Online 4NCL Division 5"]
[Site "online"]
[Date "2020.04.23"]
[Round "2.152"]
[White "Esparza, Santiago"]
[Black "Shah, Prem"]
[Result "0-1"]
[WhiteElo "1180"]
[BlackElo "1022"]
[PlyCount "36"]
[EventDate "2020.04.23"]
[WhiteTeam "Liverpool 2"]
[BlackTeam "Watford 4"]

1. e4 d5 2. exd5 Nf6 3. Nc3 Nxd5 4. Nxd5 Qxd5 5. Nf3 Nc6 6. Bd3 Bg4 7. h3 Bxf3
8. Qxf3 Qe6+ 9. Be4 O-O-O 10. O-O Nd4 11. Qf5 Nxf5 12. d3 Nd4 13. Be3 Nxc2 14.
Rac1 Nxe3 15. fxe3 g6 16. g4 Bh6 17. Rce1 Qxa2 18. Rxf7 Qxf7 0-1

[Event "Junior Online 4NCL Division 5"]
[Site "online"]
[Date "2020.04.23"]
[Round "2.153"]
[White "Arora, Aarav"]
[Black "Erhardt, Edmond"]
[Result "1-0"]
[WhiteElo "1007"]
[BlackElo "1165"]
[PlyCount "29"]
[EventDate "2020.04.23"]
[WhiteTeam "Watford 4"]
[BlackTeam "Liverpool 2"]

1. e4 d5 2. exd5 Qxd5 3. Nc3 Qa5 4. Nf3 c6 5. d4 Qc7 6. Bc4 Nd7 7. O-O e5 8.
dxe5 Nxe5 9. Nxe5 Qxe5 10. Re1 Be7 11. Rxe5 Bg4 12. Qxg4 f6 13. Re6 Nh6 14.
Qxg7 Rg8 15. Qxe7# 1-0

[Event "Junior Online 4NCL Division 5"]
[Site "online"]
[Date "2020.04.23"]
[Round "2.154"]
[White "Guelbenzu, William"]
[Black "Menakaya, Leon"]
[Result "0-1"]
[WhiteElo "1127"]
[BlackElo "865"]
[PlyCount "54"]
[EventDate "2020.04.23"]
[WhiteTeam "Liverpool 2"]
[BlackTeam "Watford 4"]

1. e4 e5 2. Nf3 Nc6 3. Bc4 Nf6 4. d3 Bb4+ 5. Bd2 Bxd2+ 6. Qxd2 O-O 7. Ng5 Nd4
8. Bxf7+ Rxf7 9. Nxf7 Kxf7 10. O-O Kg8 11. Qb4 Nxc2 12. Qb3+ Kh8 13. Qxc2 Ng4
14. h3 Nf6 15. Nc3 Ng8 16. Nd5 c6 17. Ne3 Qg5 18. Ng4 d6 19. Rac1 Bxg4 20. hxg4
Qxg4 21. b4 Nf6 22. b5 Nh5 23. bxc6 bxc6 24. Qxc6 h6 25. Qxa8+ Kh7 26. Rc7 Nf4
27. Qf8 Qxg2# 0-1

[Event "Junior Online 4NCL Division 5"]
[Site "online"]
[Date "2020.04.23"]
[Round "2.155"]
[White "Lang, Fred"]
[Black "Demyan, Leo"]
[Result "1-0"]
[WhiteElo "1307"]
[BlackElo "1157"]
[PlyCount "185"]
[EventDate "2020.04.23"]
[WhiteTeam "Liverpool 2"]
[BlackTeam "Watford 4"]

1. e4 d5 2. exd5 Qxd5 3. Nc3 Qe6+ 4. Nge2 Nc6 5. d4 Nf6 6. d5 Nxd5 7. Nxd5 Qd6
8. Nec3 Qe6+ 9. Be2 Qd6 10. Nb5 e6 11. Ndxc7+ Kd8 12. Nxd6 Kxc7 13. Nb5+ Kb8
14. Bc4 a6 15. Nd6 h6 16. Nxf7 Rg8 17. Bf4+ Ka7 18. Qe2 g5 19. Qe3+ b6 20. Nxg5
hxg5 21. Bxg5 Nb8 22. Bxe6 Bxe6 23. Qxe6 Rg7 24. Be3 Bc5 25. Bxc5 bxc5 26. O-O
Kb7 27. Rad1 Ra7 28. Rd6 Ka8 29. Qd5+ Rgb7 30. Qxc5 a5 31. Rfd1 a4 32. Rd8 a3
33. Rxb8+ Rxb8 34. Qc6+ Rab7 35. Rd3 Re8 36. Rxa3+ Kb8 37. Qxe8+ Kc7 38. Rc3+
Kb6 39. Rb3+ Ka7 40. Rxb7+ Kxb7 41. h4 Kb6 42. h5 Ka5 43. h6 Kb4 44. h7 Kc4 45.
h8=Q Kd5 46. g4 Kc5 47. g5 Kc4 48. g6 Kc5 49. g7 Kb6 50. Kg2 Kc5 51. Qh1 Kd5
52. Qeh8 Kc5 53. Q8h2 Kc6 54. g8=Q Kc5 55. Qgg3 Kb6 56. Qgh3 Kc5 57. Qb3 Kd4
58. a4 Kc5 59. a5 Kc6 60. a6 Kc5 61. a7 Kc6 62. a8=Q+ Kc5 63. Qaa1 Kc6 64. Qag1
Kc5 65. Qe3+ Kc4 66. f4 Kb4 67. f5 Kb5 68. f6 Ka5 69. f7 Kb4 70. f8=Q+ Ka5 71.
Qff1 Kb4 72. Qef2 Ka4 73. Qf8 Ka5 74. Qfb8 Ka4 75. c4 Ka5 76. c5 Ka4 77. c6 Ka5
78. c7 Ka4 79. c8=Q Ka5 80. Qch3 Ka4 81. Qbb3+ Ka5 82. Qbd1 Kb4 83. Qc1 Ka4 84.
Qhc8 Ka5 85. Qcb8 Ka4 86. Qb1 Ka5 87. b4+ Ka4 88. b5 Ka5 89. b6 Ka4 90. b7 Ka5
91. Qc8 Ka4 92. b8=Q Ka5 93. Qfb5# 1-0

[Event "Junior Online 4NCL Division 5"]
[Site "online"]
[Date "2020.04.23"]
[Round "2.156"]
[White "Shah, Prem"]
[Black "Esparza, Santiago"]
[Result "0-1"]
[WhiteElo "1022"]
[BlackElo "1180"]
[PlyCount "60"]
[EventDate "2020.04.23"]
[WhiteTeam "Watford 4"]
[BlackTeam "Liverpool 2"]

1. d4 d5 2. c4 c6 3. Nc3 Nf6 4. Bg5 Be6 5. Nf3 h6 6. Bxf6 exf6 7. e4 Bb4 8.
exd5 cxd5 9. cxd5 Bxd5 10. Bb5+ Nc6 11. O-O O-O 12. Nxd5 Qxd5 13. Bxc6 bxc6 14.
a3 Ba5 15. b4 Bb6 16. Qd3 a5 17. bxa5 Bxa5 18. Rac1 Rac8 19. Nh4 g6 20. Rc5 Qd6
21. Rxa5 c5 22. dxc5 Qxd3 23. Nf3 Qc3 24. Ra6 Rxc5 25. a4 Qc1 26. Rxf6 Rd8 27.
g3 Rd1 28. Rxd1 Qxd1+ 29. Kg2 Rc1 30. a5 Qf1# 0-1

[Event "Junior Online 4NCL Division 5"]
[Site "online"]
[Date "2020.04.23"]
[Round "2.157"]
[White "Erhardt, Edmond"]
[Black "Arora, Aarav"]
[Result "1-0"]
[WhiteElo "1165"]
[BlackElo "1007"]
[PlyCount "75"]
[EventDate "2020.04.23"]
[WhiteTeam "Liverpool 2"]
[BlackTeam "Watford 4"]

1. d4 d5 2. Bf4 Nc6 3. e3 Bf5 4. c3 Nf6 5. Nd2 e6 6. Nb3 Bd6 7. Be2 Bxf4 8.
exf4 O-O 9. Nf3 Re8 10. Nc5 Rb8 11. Nb3 Qd6 12. Qc1 Rbd8 13. O-O h6 14. Bb5 a6
15. Bxc6 Qxc6 16. Ne5 Qd6 17. Nc5 b5 18. Nb7 Qd7 19. Nxd7 Rxd7 20. Nc5 Rd6 21.
Nb7 Rd7 22. Re1 Rb8 23. Nc5 Rd6 24. Nb3 b4 25. cxb4 Rxb4 26. Qxc7 Rd7 27. Qc8+
Kh7 28. Nc5 Rc4 29. Rec1 Bc2 30. b3 Rc3 31. Qc6 Ne4 32. Qxd7 Nxc5 33. dxc5 Rxc5
34. Qxf7 Bg6 35. Qxe6 Rxc1+ 36. Rxc1 Kh8 37. Qxg6 Kg8 38. Rc8# 1-0

[Event "Junior Online 4NCL Division 5"]
[Site "online"]
[Date "2020.04.23"]
[Round "2.161"]
[White "Hurst, Kate"]
[Black "Salussolia, Louis"]
[Result "0-1"]
[WhiteElo "1427"]
[BlackElo "1442"]
[PlyCount "114"]
[EventDate "2020.04.23"]
[WhiteTeam "Maid Marians 2"]
[BlackTeam "May the Fork Be With You 1"]

1. e4 e6 2. d4 d5 3. Nc3 Nf6 4. e5 Nfd7 5. Nf3 c5 6. Be3 Qb6 7. b3 Nc6 8. Na4
Qb4+ 9. c3 Qa5 10. Bd3 cxd4 11. Bxd4 Nxd4 12. Nxd4 Nxe5 13. O-O Nxd3 14. Qxd3
Bc5 15. Nxc5 Qxc5 16. Rfe1 O-O 17. Rac1 e5 18. Rxe5 Qa3 19. Ra1 Qb2 20. Ree1
Bd7 21. a3 Rac8 22. Rec1 g6 23. h3 Bf5 24. Qe3 Rfe8 25. Qf3 Be4 26. Qd1 Rxc3
27. Rxc3 Qxc3 28. b4 Bc2 29. Rc1 Bxd1 30. Rxc3 Re7 31. Rd3 Ba4 32. Nf3 Bc6 33.
Kf1 Bb5 34. Ne1 Rxe1+ 35. Kxe1 Bxd3 36. Kd2 Bb5 37. Kc3 Kg7 38. Kd4 Bc4 39. a4
Kf6 40. b5 Ke6 41. g3 Kd6 42. h4 Kc7 43. Ke5 Kb6 44. Kd4 Ka5 45. Ke5 Kxa4 46.
Kd4 Kxb5 47. f4 a5 48. g4 a4 49. h5 gxh5 50. gxh5 f6 51. f5 a3 52. Kc3 a2 53.
Kb2 d4 54. h6 d3 55. Ka1 d2 56. Kb2 d1=Q 57. Ka3 Qb3# 0-1

[Event "Junior Online 4NCL Division 5"]
[Site "online"]
[Date "2020.04.23"]
[Round "2.163"]
[White "Pannu, Mya"]
[Black "Shah, Rahul"]
[Result "0-1"]
[WhiteElo "1232"]
[BlackElo "1360"]
[PlyCount "96"]
[EventDate "2020.04.23"]
[WhiteTeam "Maid Marians 2"]
[BlackTeam "May the Fork Be With You 1"]

1. d4 Nf6 2. Nf3 e6 3. e3 d5 4. Bd3 Bd6 5. b3 Nc6 6. Bb2 Bd7 7. Nbd2 O-O 8. O-O
Re8 9. Qe2 Qe7 10. Ng5 e5 11. dxe5 Bxe5 12. Bxe5 Qxe5 13. Ngf3 Qd6 14. e4 dxe4
15. Nxe4 Nxe4 16. Bxe4 f5 17. Qc4+ Be6 18. Qd3 fxe4 19. Qxd6 cxd6 20. Ng5 Bf5
21. Rad1 Rad8 22. Rd2 h6 23. Nh3 Bxh3 24. gxh3 Ne5 25. Kh1 Nf3 26. Rd5 Re5 27.
Rxe5 Nxe5 28. f4 exf3 29. h4 Rc8 30. Rf2 Rc3 31. Rd2 Re3 32. Kg1 Ng4 33. Rd1
f2+ 34. Kg2 Re1 35. Rxe1 fxe1=Q 36. Kh3 Nxh2 37. h5 Nf3 38. c4 Ng5+ 39. Kg2
Qe2+ 40. Kg3 Qxh5 41. c5 Qh3+ 42. Kf2 dxc5 43. b4 cxb4 44. a3 bxa3 45. Ke2 a2
46. Kd2 a1=Q 47. Kc2 Qa2+ 48. Kc1 Qh1# 0-1

[Event "Junior Online 4NCL Division 5"]
[Site "online"]
[Date "2020.04.23"]
[Round "2.164"]
[White "Barbier-Ramaiah, Riya Aude"]
[Black "Hariharan, Shambavi"]
[Result "0-1"]
[WhiteElo "1337"]
[BlackElo "1060"]
[PlyCount "52"]
[EventDate "2020.04.23"]
[WhiteTeam "May the Fork Be With You 1"]
[BlackTeam "Maid Marians 2"]

1. e4 c6 2. d4 d5 3. Nc3 dxe4 4. Nxe4 Bf5 5. Ng3 Bg6 6. Nf3 Nd7 7. Bd3 Qc7 8.
O-O Ngf6 9. Re1 e6 10. c3 Bd6 11. Bxg6 hxg6 12. Nf1 O-O-O 13. h3 Rde8 14. Ng5
Nb6 15. Bd2 Nbd5 16. c4 Nf4 17. c5 Be7 18. Nxf7 Rh5 19. Qf3 N4d5 20. Ne5 g5 21.
Qxh5 Nxh5 22. g4 Nhf4 23. Bxf4 Nxf4 24. Kh2 Bf6 25. Ng3 Bxe5 26. dxe5 Qa5 0-1

[Event "Junior Online 4NCL Division 5"]
[Site "online"]
[Date "2020.04.23"]
[Round "2.165"]
[White "Salussolia, Louis"]
[Black "Hurst, Kate"]
[Result "0-1"]
[WhiteElo "1442"]
[BlackElo "1427"]
[PlyCount "52"]
[EventDate "2020.04.23"]
[WhiteTeam "May the Fork Be With You 1"]
[BlackTeam "Maid Marians 2"]

1. e4 d5 2. exd5 Qxd5 3. Nc3 Qd6 4. Nf3 Nf6 5. Bc4 a6 6. Ng5 Qe5+ 7. Nce4 e6 8.
Qe2 h6 9. Nxf6+ Qxf6 10. Nf3 Nc6 11. d3 Bc5 12. O-O Bd7 13. Bd2 O-O-O 14. Bc3
Qg6 15. Ne5 Nxe5 16. Qxe5 Bf8 17. Ba5 Bd6 18. Qc3 Bc6 19. f3 h5 20. Bxa6 Kb8
21. Bc4 h4 22. Bb4 h3 23. g3 Bxg3 24. Qd2 Bf4+ 25. Kh1 Bxd2 26. Bxd2 Qg2# 0-1

[Event "Junior Online 4NCL Division 5"]
[Site "online"]
[Date "2020.04.23"]
[Round "2.167"]
[White "Shah, Rahul"]
[Black "Pannu, Mya"]
[Result "1-0"]
[WhiteElo "1360"]
[BlackElo "1232"]
[PlyCount "75"]
[EventDate "2020.04.23"]
[WhiteTeam "May the Fork Be With You 1"]
[BlackTeam "Maid Marians 2"]

1. d4 d5 2. c4 Nf6 3. Nc3 e6 4. Nf3 Be7 5. Bg5 O-O 6. e3 Ne4 7. Nxe4 dxe4 8.
Bxe7 Qxe7 9. Nd2 Qb4 10. b3 b6 11. Be2 c5 12. dxc5 bxc5 13. O-O Rd8 14. Qc2
Rxd2 15. Qxe4 Bb7 16. Qg4 Nd7 17. Rfd1 Rxd1+ 18. Rxd1 Ne5 19. Qh4 Qb6 20. h3 f6
21. Bh5 Qc6 22. f3 g5 23. Qg3 Qc7 24. Kh1 Rd8 25. Rxd8+ Qxd8 26. h4 Qd1+ 27.
Kh2 h6 28. hxg5 fxg5 29. Qxe5 Qe1 30. Qb8+ Kg7 31. Qxb7+ Kf6 32. Qf7+ Ke5 33.
Qg7+ Kd6 34. Qf8+ Kc6 35. Be8+ Kb6 36. Qd6+ Ka5 37. Qxc5+ Ka6 38. Qb5# 1-0

[Event "Junior Online 4NCL Division 5"]
[Site "online"]
[Date "2020.04.23"]
[Round "2.168"]
[White "Hariharan, Shambavi"]
[Black "Barbier-Ramaiah, Riya Aude"]
[Result "0-1"]
[WhiteElo "1060"]
[BlackElo "1337"]
[PlyCount "68"]
[EventDate "2020.04.23"]
[WhiteTeam "Maid Marians 2"]
[BlackTeam "May the Fork Be With You 1"]

1. d4 d5 2. Bf4 Nf6 3. e3 Bf5 4. Nf3 e6 5. c3 c5 6. Bd3 Bxd3 7. Qxd3 c4 8. Qc2
Bd6 9. Bg3 O-O 10. Nbd2 Nc6 11. Bxd6 Qxd6 12. h4 h6 13. O-O-O a5 14. Kb1 b5 15.
Rhg1 a4 16. a3 Rfb8 17. g4 b4 18. g5 bxa3 19. Kc1 a2 20. Nb1 a1=Q 21. Kd2 Rxb2
22. Na3 Rxc2+ 23. Nxc2 Qb2 24. gxf6 g6 25. h5 g5 26. Nxg5 a3 27. Nxe6+ Kh8 28.
Rg7 Qxe6 29. Rdg1 Qxf6 30. f4 Qxg7 31. Rxg7 Kxg7 32. Kd1 a2 33. f5 a1=Q+ 34.
Nxa1 Rxa1# 0-1

[Event "Junior Online 4NCL Division 5"]
[Site "online"]
[Date "2020.04.23"]
[Round "2.171"]
[White "Dissanayake, Sathsara"]
[Black "Pitts, Daniel"]
[Result "0-1"]
[WhiteElo "850"]
[BlackElo "1240"]
[PlyCount "22"]
[EventDate "2020.04.23"]
[WhiteTeam "Blue Foxes 2"]
[BlackTeam "Robin Hoods 4"]

1. e4 e5 2. Nf3 Nc6 3. Bb5 Nf6 4. Bxc6 dxc6 5. Nxe5 Bd6 6. Nc4 O-O 7. Nxd6 cxd6
8. Qe2 Re8 9. f3 d5 10. e5 Qe7 11. exf6 Qxe2# 0-1

[Event "Junior Online 4NCL Division 5"]
[Site "online"]
[Date "2020.04.23"]
[Round "2.172"]
[White "Asensio, Tomas"]
[Black "Jackson, Will"]
[Result "1-0"]
[WhiteElo "1232"]
[BlackElo "850"]
[PlyCount "41"]
[EventDate "2020.04.23"]
[WhiteTeam "Robin Hoods 4"]
[BlackTeam "Blue Foxes 2"]

1. d4 d5 2. Nc3 Nf6 3. Bf4 Bg4 4. Nf3 Nc6 5. h4 g6 6. e3 Bxf3 7. Qxf3 e6 8. Bd3
Bb4 9. a3 Bxc3+ 10. bxc3 Nh5 11. Bg5 Qxg5 12. hxg5 h6 13. gxh6 Rxh6 14. g4 Ng7
15. Rxh6 O-O-O 16. Kd2 g5 17. Rah1 b6 18. Rh8 Rxh8 19. Rxh8+ Kb7 20. Qe2 f5 21.
Ba6# 1-0

[Event "Junior Online 4NCL Division 5"]
[Site "online"]
[Date "2020.04.23"]
[Round "2.173"]
[White "Mittal, Aarav"]
[Black "Javed, Zain"]
[Result "1-0"]
[WhiteElo "812"]
[BlackElo "1232"]
[PlyCount "91"]
[EventDate "2020.04.23"]
[WhiteTeam "Blue Foxes 2"]
[BlackTeam "Robin Hoods 4"]

1. e4 e5 2. Bc4 Nf6 3. g4 Bc5 4. g5 Nxe4 5. Qh5 g6 6. Qf3 Nxg5 7. Qd1 d6 8. c3
Bg4 9. Qxg4 f5 10. Qd1 Nc6 11. d4 exd4 12. cxd4 Bxd4 13. Bb5 a6 14. Bxc6+ bxc6
15. Qxd4 c5 16. Qxh8+ Kd7 17. Qxh7+ Kc8 18. Bxg5 Qxg5 19. Qh8+ Qd8 20. Qxd8+
Kxd8 21. Nc3 Rb8 22. Rd1 Rxb2 23. Nd5 Rxa2 24. Nc3 Rc2 25. Nd5 c6 26. Ne3 Rc3
27. Ng2 d5 28. Ne2 Rc2 29. Rd2 Rc3 30. Nxc3 d4 31. Nb1 a5 32. Rf1 a4 33. Rb2 c4
34. Rb8+ Kc7 35. Ra8 Kb7 36. Rxa4 Kb6 37. Rxc4 d3 38. Kd2 Kb5 39. Rc3 c5 40.
Kxd3 Kb4 41. Rfc1 c4+ 42. Rxc4+ Kb5 43. Na3+ Kb6 44. Rb1+ Ka5 45. Nc2 Ka6 46.
Ra4# 1-0